Disciplina sin lagrimas / (Registro nro. 11728)

Detalles MARC
000 -CABECERA
Longitud fija campo de control 01089nam a2200313 c 4500
003 - • IDENTIFICADOR DELl NÚMERO DE CONTROL
Identificador del número de control CO-ViMGA
005 - • FECHA Y HORA DE LA ÚLTIMA TRANSACCIÓN
Fecha y hora de la última transacción 20230915234238.0
008 - • CÓDIGOS DE INFORMACIÓN DE LONGITUD FIJA
Códigos de información de longitud fija 150204s2015 sp a | |||| 000 0 spa
020 ## - • NÚMERO INTERNACIONAL NORMALIZADO PARA LIBROS
Número Internacional Normalizado para Libros (ISBN) 9788466655873
040 ## - FUENTE DE LA CATALOGACIÓN
Centro catalogador de origen CO-ViMGA
Lengua de catalogación spa
Centro transcriptor CO-ViMGA
041 1# - • CÓDIGO DE LENGUA
Código de lengua original eng
082 04 - • NÚMERO DE LA CLASIFICACIÓN DECIMAL DEWEY
Número de clasificación (R) 155.4
Número del ítem S42d
100 1# - • PUNTO DE ACCESO PRINCIPAL-NOMBRE DE PERSONA
Nombre de persona Siegel, Daniel J.
Fechas asociadas al nombre 1957-
240 10 - • TÍTULO UNIFORME
Título uniforme <a href="No-drama discipline">No-drama discipline</a>
245 10 - • TITULO PROPIAMENTE DICHO
Título Disciplina sin lagrimas /
Mención de responsabilidad, etc. Daniel J. Siegel y Tina Payne Bryson ; traduccion de Joan Soler Chic
246 0# - • VARIANTES DE T&Iacute;TULO
Título propio / Título en breve Una guia imprescindible para orientar y alimentar el desarrollo mental de tu hijo
300 ## - • DESCRIPCI&Oacute;N F&Iacute;SICA
Extensión 301 p.:
Otras características físicas il. ;
Dimensiones 23 cm.
490 0# - • MENCI&Oacute;N DE SERIE
Mención de serie No ficcion
650 17 - • PUNTO DE ACCESO ADICIONAL DE MATERIA - T&Eacute;RMINO DE MATERIA
Término de materia o nombre geográfico como elemento inicial Crianza de niños
650 17 - • PUNTO DE ACCESO ADICIONAL DE MATERIA - T&Eacute;RMINO DE MATERIA
Término de materia o nombre geográfico como elemento inicial Desarrollo infantil
650 17 - • PUNTO DE ACCESO ADICIONAL DE MATERIA - T&Eacute;RMINO DE MATERIA
Término de materia o nombre geográfico como elemento inicial Disciplina infantil
Fuente del encabezamiento o término embne
650 17 - • PUNTO DE ACCESO ADICIONAL DE MATERIA - T&Eacute;RMINO DE MATERIA
Término de materia o nombre geográfico como elemento inicial Educacion de niños
Fuente del encabezamiento o término embne
650 17 - • PUNTO DE ACCESO ADICIONAL DE MATERIA - T&Eacute;RMINO DE MATERIA
Término de materia o nombre geográfico como elemento inicial Paternidad (Psicología)
700 1# - • PUNTO DE ACCESO ADICIONAL - NOMBRE DE PERSONA
Nombre de persona Bryson, Tina Payne,
700 1# - • PUNTO DE ACCESO ADICIONAL - NOMBRE DE PERSONA
Nombre de persona Soler Chic, Joan,
942 ## - ENTRADA DE ELEMENTOS AGREGADOS (KOHA)
Fuente de clasificaión o esquema Dewey Decimal Classification
Koha [por defecto] tipo de item LIbro
Existencias
Perdido Fuente de clasificaci&oacute;n o esquema Estado Físico No para pr&eacute;stamo Forma de adquisición Localizaci&oacute;n permanente Localizaci&oacute;n actual Fecha adquisici&oacute;n Pr&eacute;stamos totales Signatura completa C&oacute;digo de barras Fecha &uacute;ltima consulta N&uacute;mero de copia Fecha del precio de reemplazo Tipo de item de Koha Renovaciones totales Fecha &uacute;ltimo pr&eacute;stamo
  Dewey Decimal Classification     Sala General Biblioteca Comunitaria - Villavicencio Biblioteca Comunitaria - Villavicencio 10/12/2016   155.4 S42d 032148 05/23/2017 Ej. 1 05/23/2017 LIbro    
  Dewey Decimal Classification     Sala Especializada Tercer Piso Biblioteca Pública Germán Arciniegas - Villavicencio Biblioteca Pública Germán Arciniegas - Villavicencio 10/12/2016 1 155.4 S42d 31267 11/12/2019 Ej. 1 10/12/2016 LIbro 1 05/22/2018









Instituto Departamental de Cultura del Meta - Red Departamental de Bibliotecas Públicas del Meta.